Responses for show #6041 - Monday, December 13, 2010

Contestants

Keri McConaghy, a social worker from Chelsea, Massachusetts

Jonathan Corbblah, a chess teacher from Harlem, New York

Sandra McClellan, a granny nanny from Arlington, Texas (whose 1-day cash winnings total $4,199)

Jeopardy! Round responses

BIBLICAL CROSSWORD CLUES "M"
ACTORS & THEIR ROLES
1901-1910
EDUCATION
DESIGNER NAMES
HMM... PRONOUN TROUBLE
    $200 1
Mark

Jonathan
    $200 7
Ingrid Bergman

Jonathan
    $200 18
the Model T

Keri
    $200 6
read

Jonathan
    $200 26
Karan

Jonathan
    $200 16
I

Sandra
    $400 2
manna

Keri
    $400 8
Richard Gere

Jonathan
    $400 21
Guantanamo

Sandra
    $400 12
Noah Webster

Jonathan
    $400 27
Klein

Sandra
    $400 17
Nobody

Jonathan
    $600 3
a miracle

Jonathan
    $600 9
Jimmy Cagney

Triple Stumper
    $600 23
(Jonathan: What is Lansing?)
(Keri: What is Ann Arbor?)
(Sandra: What is Oakland?)
...
(Alex: No harm, no foul on that one. The correct response--what is [*]? Home of the Rose Bowl.)

Pasadena

SandraJonathanKeri
Triple Stumper
    $2,200 13
the G.I. Bill

Jonathan
    $600 28
Cole

Jonathan
    $600 19
them

Keri
    $800 4
Messiah

Jonathan
    $800 10
Jessica Lange

Keri
    $800 24
The Virginian

Sandra
    $800 14
busing

Jonathan
    $800 29
Steve

Keri
    $800 20
we

Jonathan
    $1000 5
Methuselah

Sandra
    $1000 11
(Keri: Who is Uma Thurman?)

Gwyneth Paltrow

JonathanKeri
    $1000 25
(Sandra: What is Teflon?)

Bakelite

Sandra
Triple Stumper
    $1000 15
the Top

Sandra
    $1000 30
Tory

Keri
    $1000 22
(Alex: [*], from Thatcher, correct.)

that

Sandra

Scores at the first commercial break (after clue 15):

Sandra Jonathan Keri
$2,000 $6,800 $200

Scores at the end of the Jeopardy! Round:

Sandra Jonathan Keri
$3,200 $8,200 $2,200

Double Jeopardy! Round responses

ASTRONOMERS
THEY CALL ME MISTER...
LITERATURE SEQUELS?
STATE CAPITAL ATTRACTIONS
"1", "2", "3"
(Alex: One, two or perhaps three of those will wind up in the correct response.)
GO!
    $400 15
(Edmund) Halley

Sandra
    $400 26
Mr. Ed

Sandra
    $400 6
Chaucer

Sandra
    $400 1
Salt Lake City

Jonathan
    $400 16
square one

Jonathan
    $400 21
China

Jonathan
    $800 14
Copernicus

Jonathan
    $800 27
Mister Rogers

Jonathan
    $800 7
Twenty Thousand Leagues Under the Sea

Jonathan
    $800 2
Baton Rouge

Jonathan
    $800 17
(Sandra: What is three?)
(Alex: They want you to be more specific--the butcher, the baker, the candlestick maker...)
(Sandra: I can't think.)

Three Men in a Tub

SandraKeri
    $800 22
black

Jonathan
    $5,000 13
Galileo

Sandra
    $1200 28
Mr. Peabody

Jonathan
    $1200 8
Love in the Time of Cholera

Sandra
    $1200 3
Atlanta

Sandra
    $1200 18
(Sandra: What is Hook 'Em Horns?)

We're Number One

Sandra
Triple Stumper
    $1200 23
(Jonathan: What are the Shoguns?)
(Sandra: What are ninjas?)

the samurai

SandraJonathanKeri
    $1600 12
(Carl) Sagan

Sandra
    $1600 29
Mr. Bill

Sandra
    $1600 9
Ibsen

Sandra
    $1600 4
Providence (Rhode Island)

Jonathan
    $1600 19
(Alex: [pause] All right.)

my two cents

Keri
    $1600 24
Atari

Triple Stumper
    $2000 11
(Sandra: What is Orion?)
(Jonathan: What is the Van Allen Belt?)

Gerard Kuiper

SandraJonathan
Triple Stumper
    $2000 30
Mr. Magoo

Sandra
    $2000 10
Winesburg, Ohio

Jonathan
    $7,000 5
Montpelier

Jonathan
    $2000 20
Two Tone

Triple Stumper
    $2000 25
(Jonathan: What is freedom?)

liberty

JonathanKeri

Scores at the end of the Double Jeopardy! Round:

Sandra Jonathan Keri
$13,400 $20,000 $7,800

[wagering suggestions for these scores]

Final Jeopardy! Round responses

COUNTRIES
(Jonathan: [After Alex gives the correct response] Duh!)
[Laughter]
[ERRATUM: On 2010-12-16 Jeopardy! acknowledged this clue's flaw with the following posted to the official Jeopardy! Message Board: "[I]t has since come to our attention that we failed to anticipate another response that would have been acceptable, namely 'What are Mali and Malawi?' Fortunately our error did not affect the outcome of the game."]
KeriWhat are ?
$7,200
SandraWhat are Guinea & Gu
$6,601
JonathanWhat is Bujumbura
$7,000
Niger/Nigeria

Final scores:

Sandra Jonathan Keri
$6,799 $13,000 $600
2nd place: $2,000 New champion: $13,000 3rd place: $1,000

Game dynamics:

Coryat scores:

Sandra Jonathan Keri
$9,600 $13,400 $7,800
17 R
(including 1 DD),
6 W
26 R
(including 2 DDs),
4 W
10 R,
2 W

Combined Coryat: $30,800

The J! Archive is created by fans, for fans. The Jeopardy! game show and all elements thereof, including but not limited to copyright and trademark thereto, are the property of Jeopardy Productions, Inc. and are protected under law. This website is not affiliated with, sponsored by, or operated by Jeopardy Productions, Inc. Join the discussion at JBoard.tv.